Quy trình sử dụng phương pháp Vectơ vào việc giải toán thuộc chương trình THPT
Vectơ và các khái niệm liên quan. Quy trình sử dụng phương pháp Vectơ vào việc giải toán. Ứng dụng phương pháp Vectơ vào việc giải toán thuộc chương trình THPT
Spremljeno u:
| Glavni autor: | |
|---|---|
| Daljnji autori: | |
| Format: | Knjiga |
| Jezik: | Vietnamese |
| Izdano: |
Đà Nẵng
Đại học Đà Nẵng
2009
|
| Teme: | |
| Oznake: |
Dodaj oznaku
Bez oznaka, Budi prvi tko označuje ovaj zapis!
|
| Thư viện lưu trữ: | Mạng thư viện Đại học Đà Nẵng |
|---|
| LEADER | 01573nam a2200361 4500 | ||
|---|---|---|---|
| 001 | 000010237 | ||
| 003 | 6439 | ||
| 005 | 20111209101208.0 | ||
| 008 | 111209s2009 viesd | ||
| 041 | |a vie | ||
| 072 | |a Luận văn Thạc sĩ khoa học | ||
| 082 | |a 515.52 |b VU-T | ||
| 100 | 1 | |a Vũ Thị Trinh | |
| 245 | 1 | |a Quy trình sử dụng phương pháp Vectơ vào việc giải toán thuộc chương trình THPT |c Vũ Thị Trinh | |
| 260 | |a Đà Nẵng |b Đại học Đà Nẵng |c 2009 | ||
| 300 | |a 64 tr |c 29 cm |e 1 tóm tắt | ||
| 500 | |a Luận văn Thạc sĩ Khoa học. Chuyên ngành: Phương pháp toán sơ cấp. Mã số: 60.46.40 | ||
| 520 | |a Vectơ và các khái niệm liên quan. Quy trình sử dụng phương pháp Vectơ vào việc giải toán. Ứng dụng phương pháp Vectơ vào việc giải toán thuộc chương trình THPT | ||
| 653 | |a Phần tích một Vectơ | ||
| 653 | |a Luận văn Thạc sĩ toán sơ cấp | ||
| 653 | |a Chứng minh đẳng thức | ||
| 653 | |a Toán học | ||
| 700 | 1 | |a Nguyễn Ngọc Châu |c TS |e Hướng dẫn | |
| OWN | |a LSP | ||
| AVA | |a UDN50 |b LSP |d 515.52 VU-T |e available |t Error 5001 Not defined in file expand_doc_bib_avail. |f 1 |g 0 |h N |i 0 |k 1 | ||
| 999 | |a From the UDN01 | ||
| AVA | |a UDN50 |b LSP |d 515.52 VU-T |e available |t Error 5001 Not defined in file expand_doc_bib_avail. |f 1 |g 0 |h N |i 0 |k 1 | ||
| TYP | |a Monograph | ||
| TYP | |a Printed language | ||
| 980 | |a Mạng thư viện Đại học Đà Nẵng | ||